• 首页
  • 本馆介绍
  • 公告通知
  • 最新文献
  • 馆藏检索
  • 电子资源
  • 读者导购
  • 参考咨询
  • 我的图书馆
  • 登录
  • 详细信息显示
  • 放入我的书架
  • 预约/预借图书
  • 作者相关作品
  • 分类相关作品
  • 丛书相关作品
  • 出版社相关作品

书目信息

  • 表格格式
  • 工作单格式
  • 卡片格式
题名:
ABAQUS分析之美
    
 
作者: 江丙云 著
分册:  
出版信息: 北京   人民邮电出版社  2018
页数: 520页
开本: 26cm
丛书名:
单 册:
中图分类: O241.82-39
科图分类:
主题词: 有限元分析--应用软件
电子资源:
ISBN: 978-7-115-48510-6
000 00836nam0 2200253 450
001 0036301597
005 20180917162824.0
010    @a978-7-115-48510-6@b@dCNY108.00
100    @a20180917d2018 em y0chiy50 ea
101 0  @achi
102    @aCN@b110000
105    @aa z 000yy
106    @ar
200 1  @aABAQUS分析之美@9ABAQUS fen xi zhi mei@f江丙云等著@g
210    @a北京@c人民邮电出版社@d2018
215    @a520页@c图@d26cm
304    @a著者还有:孔祥宏、树西、苏景鹤等
330    @a本书共分14部分,内容包括:接触收敛、复材强度、跌落碰撞、焊接仿真、薄板成形、体积成型、循环载荷、联合仿真、热流固耦合、参数优化、非参优化等。
606 0  @a有限元分析@x应用软件
690    @aO241.82-39@v5
701  0 @a江丙云@9jiang bing yun@4著
801  0 @aCN@bMUSE@c20181206@g
905    @aBZT@dO241.82-39@e2
906    @dCNY108.00@n3@r1
    
    ABAQUS分析之美/江丙云等著.-北京:人民邮电出版社,2018
    520页:图;26cm
    
    
    ISBN 978-7-115-48510-6:CNY108.00
    本书共分14部分,内容包括:接触收敛、复材强度、跌落碰撞、焊接仿真、薄板成形、体积成型、循环载荷、联合仿真、热流固耦合、参数优化、非参优化等。
●
相关链接 在五车中查询图书 在当当中查询图书 在豆瓣中查询图书


正题名:ABAQUS分析之美     索取号:O241.82-39/2         预约/预借

序号 登录号 条形码 馆藏地/架位号 状态 备注
1 857817   2000857817   第二书库/ [索取号:O241.82-39/2] 在馆    
2 857818   2000857818   第二书库/ [索取号:O241.82-39/2] 在馆    
3 857819   2000857819   第二书库/ [索取号:O241.82-39/2] 在馆    
山东省滨州职业学院图书馆 欢迎您!
大连网信软件有限公司© 版权所有